000
00298 a2200109 4500
005
20260101120341.0
020
_a
9789048123827
100
_a
Ghosh T.K.
_9
216132
245
_a
Energy Resources And Systems: Volume 1: Fundamentals And Non-Renewable Resources
260
_b
Springer
_c
2009
942
_c
AR
999
_c
369658
_d
369658